000 00416cam a2200169ua 4500
003 OSt
008 250320b |||||||| |||| 00| 0 eng d
041 _aeng
082 _a621.992
_bCOL/JI
100 _aColvin, Fred H .
_97315
245 _aJigs and fixtures /
250 _a1 /
260 _aNew York :
_bMcGraw Hill Book Company ,
_c1948.
300 _a ; .
700 1 _aHaas, Lucian L .
_97316
942 _cBK
999 _c5613
_d5613